Biggest cities in India by population - Statistics

General Stats
  • This quiz has been taken 24 times
  • The average score is 10 of 15
Answer Stats
Hint Answer % Correct
#2 Delhi
100%
#1 Mumbai
100%
#7 Kolkata
91%
#3 Bangalore
87%
#6 Chennai
87%
#4 Hyderabad
78%
#5 Ahmedabad
74%
#10 Jaipur
70%
#11 Lucknow
70%
#9 Pune
70%
#13 Nagpur
65%
#8 Surat
57%
#12 Kanpur
52%
#14 Indore
35%
#15 Thane
9%
No matching quizzes found
Score Distribution
Percent of People with Each Score
Percentile by Number Answered
Your Score History
You have not taken this quiz